| 000 | 00386cam a2200157ua 4500 | ||
|---|---|---|---|
| 003 | OSt | ||
| 008 | 221122b |||||||| |||| 00| 0 eng d | ||
| 041 | _aeng | ||
| 082 |
_a382 _bMIN/FO |
||
| 100 |
_a, . _95313 |
||
| 245 | 0 | 0 | _aForeign trade India / |
| 250 | _a1 / | ||
| 260 |
_aGovernment of India : _bMinistry of commerce and industry , _c1961. |
||
| 300 | _a67 ; . | ||
| 942 | _cBK | ||
| 999 |
_c11797 _d11797 |
||